000 00927nam a2200217Ia 4500
999 _c39360
_d39360
001 5949
003 GE_BSU
005 20191118104850.0
008 181216s1978||||ge |||||||||||||| ||geo||
040 _cGE_BSU
041 _ageo
080 _a821.353.1-32 ა-13
100 _aაბაშიძე, მერაბ
_93820
245 _aაქეთ მაშხალები, კვაზიმოდო ! :
_bმოთხრობები /
_cაბაშიძე, მერაბ ; რედ. ზ. ფირცხალაიშვილი.
264 _aბათუმი :
_bსაბჭოთა აჭარა,
_c1978.
300 _a138 გვ. ;
_c17 სმ.
653 _aაქეთ მაშხალები, კვაზიმოდო !
653 _aმოთხრობები
700 _aფირცხალაიშვილი, ზ.
_eრედაქტორი
_93678
942 _cBK
_2udc